| 000 | 00724cam a2200265 i 4500 | ||
|---|---|---|---|
| 999 |
_c130227 _d130227 |
||
| 001 | 2309912 | ||
| 003 | ARRUPE | ||
| 005 | 20200130104241.0 | ||
| 008 | 800918s1980 enkac b 000 0ceng | ||
| 010 | _a 80495281 | ||
| 015 | _aGB*** | ||
| 020 | _a0706238974 | ||
| 020 | _a0706239776 (pbk.) | ||
| 040 |
_aDLC _cDLC _dDLC |
||
| 050 | 0 | 0 |
_aL. PR4168 _b.W49 1975 |
| 082 | 0 | 0 |
_a823/.8/09 _aB _219 |
| 100 |
_aWilks, Brian _949183 |
||
| 245 | 0 | 4 |
_aThe Brontës / _cBrian Wilks. |
| 260 |
_aLondon : _bHamlyn, _c1975 |
||
| 300 |
_a144 p. : _bill., ports. ; _c30 cm. |
||
| 504 | _aBibliography: p. 110. | ||
| 600 | 3 | 0 |
_aBrontë family. _94134 |
| 906 |
_a7 _bcbc _corignew _d4 _encip _f19 _gy-gencatlg |
||
| 942 |
_2lcc _cMONOGRAPH |
||